000
00345nam a2200145Ia 4500
008
130318s9999 xx 000 0 und d
020
_a
9788120323667
082
_a
621.392 BHA/V
100
_a
Bhasker, J
245
_a
A VHDL synthesis primer
250
_a
3
260
_b
PHI Learning
_a
New Delhi
_c
1999
300
_a
373
650
_a
VHDL SYSTEM
999
_c
1823
_d
1823